<?xml version="1.0" encoding="UTF-8"?>
<record
    xmlns:xsi="http://www.w3.org/2001/XMLSchema-instance"
    xsi:schemaLocation="http://www.loc.gov/MARC21/slim http://www.loc.gov/standards/marcxml/schema/MARC21slim.xsd"
    xmlns="http://www.loc.gov/MARC21/slim">

  <leader>01512nam a22002297a 4500</leader>
  <datafield tag="010" ind1=" " ind2=" ">
    <subfield code="a">A-590643</subfield>
  </datafield>
  <datafield tag="020" ind1=" " ind2=" ">
    <subfield code="c">150.00</subfield>
  </datafield>
  <datafield tag="035" ind1=" " ind2=" ">
    <subfield code="a">A-590643</subfield>
  </datafield>
  <datafield tag="037" ind1=" " ind2=" ">
    <subfield code="b">Cen Lib / Ret</subfield>
  </datafield>
  <datafield tag="040" ind1=" " ind2=" ">
    <subfield code="a">DPL</subfield>
    <subfield code="b">HN</subfield>
  </datafield>
  <datafield tag="082" ind1=" " ind2=" ">
    <subfield code="a">181.42</subfield>
    <subfield code="b">&#x909;&#x926;&#x92F;</subfield>
  </datafield>
  <datafield tag="100" ind1=" " ind2=" ">
    <subfield code="a">&#x909;&#x926;&#x92F;&#x935;&#x940;&#x930; &#x936;&#x93E;&#x938;&#x94D;&#x924;&#x94D;&#x930;&#x940;</subfield>
  </datafield>
  <datafield tag="245" ind1=" " ind2=" ">
    <subfield code="a">&#x909;&#x926;&#x92F;&#x92C;&#x940;&#x930; &#x936;&#x93E;&#x938;&#x94D;&#x924;&#x94D;&#x930;&#x940; &#x917;&#x94D;&#x930;&#x928;&#x94D;&#x925;&#x93E;&#x935;&#x932;&#x940; /</subfield>
    <subfield code="c">&#x909;&#x926;&#x92F;&#x935;&#x940;&#x930; &#x936;&#x93E;&#x938;&#x94D;&#x924;&#x94D;&#x930;&#x940;</subfield>
  </datafield>
  <datafield tag="246" ind1=" " ind2=" ">
    <subfield code="a">Udaybeer Shastri granthawali /</subfield>
    <subfield code="b">Udaybeer Shastri </subfield>
  </datafield>
  <datafield tag="260" ind1=" " ind2=" ">
    <subfield code="a">&#x926;&#x93F;&#x932;&#x94D;&#x932;&#x940; </subfield>
    <subfield code="b">&#x917;&#x94B;&#x92C;&#x93F;&#x928;&#x94D;&#x926;&#x930;&#x93E;&#x92E; &#x939;&#x938;&#x93E;&#x928;&#x928;&#x94D;&#x926; </subfield>
    <subfield code="c">1991</subfield>
  </datafield>
  <datafield tag="270" ind1=" " ind2=" ">
    <subfield code="a">4408, &#x928;&#x908; &#x938;&#x921;&#x93C;&#x915; &#x926;&#x93F;&#x932;&#x94D;&#x932;&#x940; </subfield>
    <subfield code="b">110006</subfield>
  </datafield>
  <datafield tag="300" ind1=" " ind2=" ">
    <subfield code="a">11 v ;  v.1. 575 ; v 2. v 3. 351 ; v 4. ; v 5. 1006 ; v 6. 766 ; v 7. 704 ;  v 8. 533 ; v 9. 671. v 10. 463 ; v 11. 505</subfield>
    <subfield code="b">24cm(Hb)</subfield>
  </datafield>
  <datafield tag="505" ind1=" " ind2=" ">
    <subfield code="a">V 1. &#x928;&#x94D;&#x92F;&#x93E;&#x92F;&#x926;&#x930;&#x94D;&#x936;&#x928; &#x92D;&#x93E;&#x937;&#x94D;&#x92F; ; v 2. &#x935;&#x948;&#x936;&#x947;&#x937;&#x93F;&#x915;&#x926;&#x930;&#x94D;&#x936;&#x928; &#x92D;&#x93E;&#x937;&#x94D;&#x92F; ; v 3. &#x938;&#x93E;&#x902;&#x916;&#x94D;&#x92F;&#x926;&#x930;&#x94D;&#x936;&#x928; &#x92D;&#x93E;&#x937;&#x94D;&#x92F; ; v 4. &#x92F;&#x94B;&#x917;&#x926;&#x930;&#x94D;&#x936;&#x928; &#x92D;&#x93E;&#x937;&#x94D;&#x92F; ; v 5. &#x92E;&#x940;&#x92E;&#x93E;&#x902;&#x938;&#x93E;&#x926;&#x930;&#x94D;&#x936;&#x928; &#x92D;&#x93E;&#x937;&#x94D;&#x92F; ; v 6. &#x92C;&#x94D;&#x930;&#x939;&#x938;&#x942;&#x924;&#x94D;&#x930;-&#x935;&#x93F;&#x927;&#x94B;&#x926;&#x92F; &#x92D;&#x93E;&#x937;&#x94D;&#x92F;&#x92E;&#x94D; ; v 7. &#x938;&#x93E;&#x902;&#x916;&#x94D;&#x92F;&#x926;&#x930;&#x94D;&#x936;&#x928; &#x915;&#x93E; &#x907;&#x924;&#x93F;&#x939;&#x93E;&#x938; ; v 8 &#x938;&#x93E;&#x902;&#x916;&#x94D;&#x92F;&#x938;&#x93F;&#x926;&#x94D;&#x927;&#x93E;&#x928;&#x94D;&#x924; ; v  9. &#x92A;&#x94D;&#x930;&#x93E;&#x91A;&#x940;&#x928; &#x938;&#x93E;&#x902;&#x916;&#x94D;&#x92F;-&#x938;&#x928;&#x94D;&#x926;&#x930;&#x94D;&#x92D; ; v 11 &#x935;&#x940;&#x930; &#x924;&#x930;&#x902;&#x917;&#x923;&#x940;. </subfield>
  </datafield>
  <datafield tag="650" ind1=" " ind2=" ">
    <subfield code="a">Philosophy</subfield>
  </datafield>
  <datafield tag="650" ind1=" " ind2=" ">
    <subfield code="a">Hindu religions</subfield>
  </datafield>
  <datafield tag="942" ind1=" " ind2=" ">
    <subfield code="2">ddc</subfield>
    <subfield code="c">HN</subfield>
    <subfield code="h">181</subfield>
    <subfield code="m">&#x909;&#x926;&#x92F;</subfield>
  </datafield>
  <datafield tag="999" ind1=" " ind2=" ">
    <subfield code="c">122121</subfield>
    <subfield code="d">122121</subfield>
  </datafield>
  <datafield tag="952" ind1=" " ind2=" ">
    <subfield code="0">0</subfield>
    <subfield code="1">0</subfield>
    <subfield code="3">v 10</subfield>
    <subfield code="4">0</subfield>
    <subfield code="7">1</subfield>
    <subfield code="8">REF</subfield>
    <subfield code="a">L</subfield>
    <subfield code="b">L</subfield>
    <subfield code="d">2016-03-02</subfield>
    <subfield code="e">Cen Lib/Ret</subfield>
    <subfield code="g">200.00</subfield>
    <subfield code="l">0</subfield>
    <subfield code="o">181.42 &#x909;&#x926;&#x92F;</subfield>
    <subfield code="p">A-590649</subfield>
    <subfield code="r">2016-03-02 00:00:00</subfield>
    <subfield code="v">200.00</subfield>
    <subfield code="w">2016-03-02</subfield>
    <subfield code="y">HN</subfield>
  </datafield>
  <datafield tag="952" ind1=" " ind2=" ">
    <subfield code="0">0</subfield>
    <subfield code="1">0</subfield>
    <subfield code="3">v 3</subfield>
    <subfield code="4">0</subfield>
    <subfield code="7">1</subfield>
    <subfield code="8">REF</subfield>
    <subfield code="a">L</subfield>
    <subfield code="b">L</subfield>
    <subfield code="d">2016-03-02</subfield>
    <subfield code="e">Cen Lib/Ret</subfield>
    <subfield code="g">100.00</subfield>
    <subfield code="l">0</subfield>
    <subfield code="o">181.42 &#x909;&#x926;&#x92F;</subfield>
    <subfield code="p">A-590652</subfield>
    <subfield code="r">2016-03-02 00:00:00</subfield>
    <subfield code="v">100.00</subfield>
    <subfield code="w">2016-03-02</subfield>
    <subfield code="y">HN</subfield>
  </datafield>
  <datafield tag="952" ind1=" " ind2=" ">
    <subfield code="0">0</subfield>
    <subfield code="1">0</subfield>
    <subfield code="3">v 11</subfield>
    <subfield code="4">0</subfield>
    <subfield code="7">1</subfield>
    <subfield code="8">REF</subfield>
    <subfield code="a">L</subfield>
    <subfield code="b">L</subfield>
    <subfield code="d">2016-03-02</subfield>
    <subfield code="e">Cen Lib/Ret</subfield>
    <subfield code="g">250.00</subfield>
    <subfield code="l">0</subfield>
    <subfield code="o">181.42 &#x909;&#x926;&#x92F;</subfield>
    <subfield code="p">A-590648</subfield>
    <subfield code="r">2016-03-02 00:00:00</subfield>
    <subfield code="v">250.00</subfield>
    <subfield code="w">2016-03-02</subfield>
    <subfield code="y">HN</subfield>
  </datafield>
  <datafield tag="952" ind1=" " ind2=" ">
    <subfield code="0">0</subfield>
    <subfield code="1">0</subfield>
    <subfield code="3">v 7</subfield>
    <subfield code="4">0</subfield>
    <subfield code="7">1</subfield>
    <subfield code="8">REF</subfield>
    <subfield code="a">L</subfield>
    <subfield code="b">L</subfield>
    <subfield code="d">2016-03-02</subfield>
    <subfield code="e">Cen Lib/Ret</subfield>
    <subfield code="l">0</subfield>
    <subfield code="o">181.42 &#x909;&#x926;&#x92F;</subfield>
    <subfield code="p">A-590651</subfield>
    <subfield code="r">2016-03-02 00:00:00</subfield>
    <subfield code="v">250.00</subfield>
    <subfield code="w">2016-03-02</subfield>
    <subfield code="y">HN</subfield>
  </datafield>
  <datafield tag="952" ind1=" " ind2=" ">
    <subfield code="0">0</subfield>
    <subfield code="1">0</subfield>
    <subfield code="3">v 5</subfield>
    <subfield code="4">0</subfield>
    <subfield code="7">1</subfield>
    <subfield code="8">REF</subfield>
    <subfield code="a">L</subfield>
    <subfield code="b">L</subfield>
    <subfield code="d">2016-03-02</subfield>
    <subfield code="e">Cen Lib/Ret</subfield>
    <subfield code="g">350.00</subfield>
    <subfield code="l">0</subfield>
    <subfield code="o">181.42 &#x909;&#x926;&#x92F;</subfield>
    <subfield code="p">A-590646</subfield>
    <subfield code="r">2016-03-02 00:00:00</subfield>
    <subfield code="v">350.00</subfield>
    <subfield code="w">2016-03-02</subfield>
    <subfield code="y">HN</subfield>
  </datafield>
  <datafield tag="952" ind1=" " ind2=" ">
    <subfield code="0">0</subfield>
    <subfield code="1">0</subfield>
    <subfield code="3">v 8</subfield>
    <subfield code="4">0</subfield>
    <subfield code="7">1</subfield>
    <subfield code="8">REF</subfield>
    <subfield code="a">L</subfield>
    <subfield code="b">L</subfield>
    <subfield code="d">2016-03-02</subfield>
    <subfield code="e">Cen Lib/Ret</subfield>
    <subfield code="g">200.00</subfield>
    <subfield code="l">0</subfield>
    <subfield code="o">181.42 &#x909;&#x926;&#x92F;</subfield>
    <subfield code="p">A-590653</subfield>
    <subfield code="r">2016-03-02 00:00:00</subfield>
    <subfield code="v">200.00</subfield>
    <subfield code="w">2016-03-02</subfield>
    <subfield code="y">HN</subfield>
  </datafield>
  <datafield tag="952" ind1=" " ind2=" ">
    <subfield code="0">0</subfield>
    <subfield code="1">0</subfield>
    <subfield code="3">v 1</subfield>
    <subfield code="4">0</subfield>
    <subfield code="7">1</subfield>
    <subfield code="8">REF</subfield>
    <subfield code="a">L</subfield>
    <subfield code="b">L</subfield>
    <subfield code="d">2016-03-02</subfield>
    <subfield code="e">Cen Lib/Ret</subfield>
    <subfield code="g">150.00</subfield>
    <subfield code="l">0</subfield>
    <subfield code="o">181.42 &#x909;&#x926;&#x92F;</subfield>
    <subfield code="p">A-590643</subfield>
    <subfield code="r">2016-03-02 00:00:00</subfield>
    <subfield code="v">150.00</subfield>
    <subfield code="w">2016-03-02</subfield>
    <subfield code="y">HN</subfield>
  </datafield>
  <datafield tag="952" ind1=" " ind2=" ">
    <subfield code="0">0</subfield>
    <subfield code="1">0</subfield>
    <subfield code="3">v.2</subfield>
    <subfield code="4">0</subfield>
    <subfield code="7">1</subfield>
    <subfield code="8">REF</subfield>
    <subfield code="a">L</subfield>
    <subfield code="b">L</subfield>
    <subfield code="d">2016-03-09</subfield>
    <subfield code="e">Cen Lib/Ret</subfield>
    <subfield code="g">125.00</subfield>
    <subfield code="l">0</subfield>
    <subfield code="o">181.42 &#x909;&#x926;&#x92F;</subfield>
    <subfield code="p">A-590650</subfield>
    <subfield code="r">2016-03-09 00:00:00</subfield>
    <subfield code="v">125.00</subfield>
    <subfield code="w">2016-03-09</subfield>
    <subfield code="y">HN</subfield>
  </datafield>
  <datafield tag="952" ind1=" " ind2=" ">
    <subfield code="0">0</subfield>
    <subfield code="1">0</subfield>
    <subfield code="3">v.6</subfield>
    <subfield code="4">0</subfield>
    <subfield code="7">1</subfield>
    <subfield code="8">REF</subfield>
    <subfield code="a">L</subfield>
    <subfield code="b">L</subfield>
    <subfield code="d">2016-03-09</subfield>
    <subfield code="e">Cen Lib/Ret</subfield>
    <subfield code="g">170.00</subfield>
    <subfield code="l">0</subfield>
    <subfield code="o">181.42 &#x909;&#x926;&#x92F;</subfield>
    <subfield code="p">A-590645</subfield>
    <subfield code="r">2016-03-09 00:00:00</subfield>
    <subfield code="v">170.00</subfield>
    <subfield code="w">2016-03-09</subfield>
    <subfield code="y">HN</subfield>
  </datafield>
  <datafield tag="952" ind1=" " ind2=" ">
    <subfield code="0">0</subfield>
    <subfield code="1">0</subfield>
    <subfield code="3">v.9</subfield>
    <subfield code="4">0</subfield>
    <subfield code="7">1</subfield>
    <subfield code="8">REF</subfield>
    <subfield code="a">L</subfield>
    <subfield code="b">L</subfield>
    <subfield code="d">2016-03-09</subfield>
    <subfield code="e">Cen Lib/Ret</subfield>
    <subfield code="g">100.00</subfield>
    <subfield code="l">0</subfield>
    <subfield code="o">181.42 &#x909;&#x926;&#x92F;</subfield>
    <subfield code="p">A-590644</subfield>
    <subfield code="r">2016-03-09 00:00:00</subfield>
    <subfield code="v">100.00</subfield>
    <subfield code="w">2016-03-09</subfield>
    <subfield code="y">HN</subfield>
  </datafield>
</record>
